UEFA-Pokal bzw. Europa League Sieger - Statistiken

Allgemein
  • Dieses Quiz wurde 221 mal gespielt
    214 seit der letzten Aktualisierung
  • Das Durchschnittsergebnis liegt bei 25 aus 49
Antwortstatistiken
Antwort % Korrekt
2006 FC Sevilla
90%
2007 FC Sevilla
90%
2014 FC Sevilla
90%
2015 FC Sevilla
90%
2016 FC Sevilla
90%
2020 FC Sevilla
90%
2013 FC Chelsea
81%
2019 FC Chelsea
81%
1985 Real Madrid
71%
1991 Inter Mailand
67%
1994 Inter Mailand
67%
1998 Inter Mailand
67%
1980 Eintracht Frankfurt
66%
1976 FC Liverpool
66%
2001 FC Liverpool
66%
2017 Manchester United
66%
1997 FC Schalke 04
65%
2010 Atletico Madrid
63%
2012 Atletico Madrid
63%
2018 Atletico Madrid
63%
2003 FC Porto
58%
2011 FC Porto
58%
1996 FC Bayern München
57%
2004 FC Valencia
51%
1988 Bayer 04 Leverkusen
47%
1992 Ajax Amsterdam
46%
1974 Feyenoord Rotterdam
46%
2002 Feyenoord Rotterdam
46%
1975 Borussia Mönchengladbach
45%
1979 Borussia Mönchengladbach
45%
1977 Juventus Turin
43%
1990 Juventus Turin
43%
1993 Juventus Turin
43%
1978 PSV Eindhoven
43%
2008 Zenit St. Petersburg
34%
2005 ZSKA Moskau
34%
1989 SSC Neapel
33%
2000 Galatasaray Istanbul
29%
2009 Schachtar Donezk
26%
1983 RSC Anderlecht
25%
1995 AC Parma
20%
1999 AC Parma
20%
1972 Tottenham Hotspur
19%
1984 Tottenham Hotspur
19%
1982 IFK Göteborg
16%
1987 IFK Göteborg
16%
1986 Real Madrid
16%
1981 Ipswich Town
9%
1973 FC Liverpool
8%
Keine übereinstimmenden Quizze gefunden
Verteilung der Resultate
Anzahl Personen mit jedem Resultat
Perzentil nach korrekt beantworteten Fragen
Ihre Resultats-Entwicklung
Sie haben dieses Quiz seit der letzten Aktualisierung nicht gespielt